000 01101nam a2200289 a 4500
001 000021289
005 20200930011304.0
008 100903s1967 sp r 000 0 spa d
040 _aDO-SdBNP
_bspa
_cBNPHU
082 _a951.05
_bD813c
100 1 _aDubarbier, Georges
_d1920-
_944485
240 1 3 _aLa chine du xx siècle.
_lEspañol
245 1 3 _aLa China del siglo XX :
_bdel imperio Manchú a la revolución cultural /
_cGeorges Dubarbier; traducción de Valentina Fernández Vargas.
260 _aMadrid :
_bAlianza Editorial,
_c1967.
300 _a248 p. ;
_c18 cm.
490 1 _aLibro de Bolsillo;
_v84
490 1 _aSección Humanidades
500 _aIncluye lista de obras de la colección
534 _aTítulo original :
651 4 _aChina
_xHistoria
_ySIGLO XX
_944486
651 4 _aChina
_xHistoria
_y1900
_944487
651 4 _aChina
_xHistoria
_92364
651 4 _aChina
_xCondiciones Sociales
_944488
651 4 _aChina
_xPolítica Y Gobierno
_ySIGLO XX
_944489
700 1 _aFernández Vargas, Valentina
_etraductor
_944490
830 0 _aLibro de Bolsillo,
_pSección Humanidades
_927879
999 _c20789
_d20789